000 00572cam a22002171 4500
001 sa 66007216
003 DLC
005 20260227112302.0
008 890622s1965 ii 000 0 urdo
010 _asa 66007216
035 _a(OCoLC)19914129
040 _aDLC
_cWaU
_dDLC
042 _apremarc
050 0 0 _aPK2199.T3
_bZ8
100 1 _aRaḥmān, Rūh Afzā,
_d1947-
245 1 0 _aTāj ke ḍarāme Anārkalī par ek naẓar.
260 _c[1965]
300 _a96 p.
_c18 cm.
500 _aIn Urdu.
600 1 0 _aTāj, Imtiyāz ʻAlī,
_d1900-1970.
_tAnārkalī.
999 _c71013
_d71013